Mystery Taylor Swift Song #141 - Statistics

General Stats
  • This quiz has been taken 196 times
  • The average score is 59 of 78
Answer Stats
Song % Correct
I
98%
love
98%
a
95%
the
95%
you
95%
Midnights
93%
It
92%
your
90%
I'm
89%
in
89%
no
89%
Was
89%
be
88%
to
88%
of
86%
me
85%
that
85%
my
84%
oh
84%
Uh
84%
know
83%
how
82%
falling
81%
down
80%
like
80%
this
80%
again
79%
what
79%
now
78%
can't
77%
going
77%
if
77%
I'll
77%
just
77%
right
77%
thought
77%
plane
76%
am
75%
around
75%
last
75%
Never
75%
time
75%
Labyrinth
74%
labyrinth
74%
out
74%
would
74%
much
73%
only
73%
mind
72%
turn
72%
back
71%
life
71%
thinking
70%
hurts
69%
up
69%
whole
69%
Lost
68%
scared
66%
hate
65%
How'd
65%
make
64%
over
64%
Breathe
63%
fast
63%
feels
63%
through
63%
bounce
62%
expects
62%
elevators
61%
everybody
61%
getting
61%
Break
60%
rises
59%
deep
58%
smile
57%
trust
57%
free
51%
raw
46%
No matching quizzes found
Score Distribution
Percent of People with Each Score
Percentile by Number Answered
Your Score History
You have not taken this quiz